Catalog

Record Details

Catalog Search



Available copies

  • 1 of 1 copy available at LARL/NWRL Consortium.
  • 1 of 1 copy available at Lake Agassiz Regional Library. (Show preferred library)

Current holds

0 current holds with 1 total copy.

Show Only Available Copies
Location Call Number / Copy Notes Barcode Shelving Location Status Due Date
Crookston Public Library SF SHI (Text) 33500010221885 Main Available -

Record details

  • ISBN: 9780441017584
  • ISBN: 0441017584
  • Physical Description: 369 p. ; 24 cm.
  • Edition: 1st ed.
  • Publisher: New York : Ace Books, 2009.
Subject: Adult Science Fiction
Genre: Fantasy fiction.
LDR 00972cam a2200301 a 4500
001110195
003LARL_NWRL_CONSORTIUM
00520091015151906.0
008090602s2009 nyu 000 1 eng
020 . ‡a9780441017584
020 . ‡a0441017584
035 . ‡a(OCoLC)311775777
08200. ‡a813/.54 ‡222
1001 . ‡aShinn, Sharon. ‡0(LARL_NWRL_CONSORTIUM)140150
24510. ‡aQuatrain ‡n#5 / ‡cSharon Shinn.
250 . ‡a1st ed.
260 . ‡aNew York : ‡bAce Books, ‡c2009.
300 . ‡a369 p. ; ‡c24 cm.
4900 . ‡aTwelve Houses ; ‡v5
650 . ‡aAdult Science Fiction
655 7. ‡aFantasy fiction. ‡2gsafd
901 . ‡a110195 ‡bOCLC ‡c110195 ‡tbiblio

Additional Resources